| 000 | 00945nam a2200265 a 4500 | ||
|---|---|---|---|
| 001 | 52959 | ||
| 003 | BD-RjUL | ||
| 005 | 20211209075903.0 | ||
| 008 | 161001r20061937b ||||| |||| 00| 0 eng d | ||
| 020 |
_a817522276X (V-15) _c : 95.00 |
||
| 020 | _a817522021X (Set) | ||
| 035 | _a(BD-RjUL)53079 | ||
| 040 |
_aBD-RjUL _beng _cBD-RjUL |
||
| 041 | _aeng | ||
| 082 |
_223 _a781.1 _bTAN 2006 |
||
| 100 | 1 |
_aঠাকুর, রবীন্দ্রনাথ _9158321 |
|
| 245 | 1 | 0 |
_aনবগীতিকা / _b _cরবীন্দ্রনাথ ঠাকুর |
| 260 |
_aকলকাতা : _bবিশ্বভারতী গ্রন্থবিভগ, _c১৯২২ [পুনর্মদ্রণ ২০০৬] |
||
| 300 |
_a২০১ পৃ ; _c২৭ সেমি. |
||
| 490 |
_aস্বরবিতান ; _v১৫ |
||
| 505 | 0 | _aVol. 2 -- | |
| 650 |
_aসঙ্গীত _9158322 |
||
| 650 |
_aMusic _9150469 |
||
| 942 |
_2ddc _cBK |
||
| 999 |
_c52959 _d52959 |
||